000 00633nam a2200121Ia 4500
008 220615s9999||||xx |||||||||||||| ||und||
100 _aFilippini, Michele
245 0 _aUsing Gramsci
_bA New Approach
546 _aEnglish[eng]
650 _aPolitical Science||Antonio Gramsci||Political Philosophy||Prison Notebooks||Marxism||hegemony||organic intellectuals||Émile Durkheim||Ideology||Sociology
856 _uhttps://library.oapen.org/bitstream/20.500.12657/31745/1/625289.pdf||https://library.oapen.org/bitstream/20.500.12657/31745/1/625289.pdf||https://library.oapen.org/bitstream/20.500.12657/31745/1/625289.pdf
942 _cEB
999 _c15182
_d15182